|
|
|
|
| LEADER |
01160nam a2200289 4500 |
| 001 |
c000351032 |
| 003 |
CARM |
| 005 |
00000000000000.0 |
| 008 |
700112c19691968nyu b 00100 eng |
| 010 |
|
|
|a 69019259 //r973
|
| 019 |
1 |
|
|a 37610
|5 LACONCORD2021
|
| 035 |
|
|
|a (OCoLC)51037
|5 LACONCORD2021
|
| 050 |
0 |
0 |
|a PS3238
|b .M45 1969
|
| 051 |
|
|
|a PS3238
|b .M45 1969b
|c Variant. Proof copy, in loose gatherings.
|
| 082 |
0 |
0 |
|a 811/.3
|
| 100 |
1 |
|
|a Miller, Edwin Haviland.
|
| 245 |
1 |
0 |
|a Walt Whitman's poetry;
|b a psychological journey.
|
| 260 |
|
|
|a New York,
|b New York University Press
|c [1969, c1968]
|
| 300 |
|
|
|a xvi, 245 p.
|c 24 cm.
|
| 504 |
|
|
|a Includes bibliographical references.
|
| 600 |
1 |
0 |
|a Whitman, Walt,
|d 1819-1892
|x Knowledge
|x Psychology.
|
| 650 |
|
0 |
|a Poetry
|x Psychological aspects.
|
| 650 |
|
0 |
|a Psychology in literature.
|
| 710 |
2 |
|
|a Charles E. Feinberg Collection of Walt Whitman (Library of Congress)
|5 DLC
|
| 852 |
8 |
|
|b CARM
|h A1:AM37B0
|i B09786
|p 0442277
|f BK
|
| 999 |
f |
f |
|i 40d92a67-6375-5fc0-b70f-12c934433163
|s 0edbc2a5-c489-5a21-8f5a-6e9394819ec4
|
| 952 |
f |
f |
|p Can circulate
|a CAVAL
|b CAVAL
|c CAVAL
|d CARM 1 Store
|e B09786
|f A1:AM37B0
|h Other scheme
|i book
|m 0442277
|